| 000 | 00000nam##2200000za#4500 |
| 001 | 9.698665 |
| 003 | CaOODSP |
| 005 | 20210625000031 |
| 007 | cr ||||||||||| |
| 008 | 150407|2007||||xxc|||||o f|0| 0 eng|d |
| 040 | |aCaOODSP|beng |
| 043 | |an-cn--- |
| 086 | 1 |aBT58-2/2007E-PDF |
| 110 | 1 |aCanada. |bTreasury Board. |
| 245 | 10|aAssessing, selecting, and implementing instruments for government action |h[electronic resource] |
| 260 | |aOttawa - Ontario : |bTreasury Board of Canada Secretariat |cc2007. |
| 300 | |a35p.|bcoloured figs., tables |
| 500 | |aThe catalogue number (BT58-2/2007) and ISBN (978-0-662-05036-0) for the bilingual print edition have been incorrectly copied in this electronic publication. |
| 590 | |a13-28-Supp|b2013-12-09 |
| 775 | 08|tÉvaluation, choix et mise en Ĺ“uvre d'instruments d'action gouvernementale |w(CaOODSP)9.642662 |
| 856 | 40|ahttp://publications.gc.ca|qPDF|s613 KB|uhttps://publications.gc.ca/collections/collection_2013/sct-tbs/BT58-2-2007-eng.pdf |